• 首页
  • 本馆介绍
  • 公告通知
  • 最新文献
  • 馆藏检索
  • 电子资源
  • 读者导购
  • 参考咨询
  • 我的图书馆
  • 登录
  • 详细信息显示
  • 放入我的书架
  • 预约/预借图书
  • 作者相关作品
  • 分类相关作品
  • 丛书相关作品
  • 出版社相关作品

书目信息

  • 表格格式
  • 工作单格式
  • 卡片格式
题名:
建筑材料
    
 
作者: 刘建兵 编
分册:  
出版信息: 北京   中国电力出版社  2011.03
页数: 238页
开本: 32cm
丛书名:
单 册:
中图分类: TU , TU56
科图分类:
主题词: 建筑材料:涂料 , 建筑材料:装饰材料
电子资源:
ISBN: 979-978-8485-98-7
000 00646nam0 2200229 450
001 1155021126
005 20110402151723.03
010    @a979-978-8485-98-7@dCNY288.00
100    @a20110402d2011 km y0chiy0120 ea
101 0  @achi
102    @aCN
200 1  @a建筑材料@Ajian zhu cai liao@e创新与设计@f刘建兵编@Fliu jian bing bian
210    @a北京@c中国电力出版社@d2011.03
215    @a238页@d32cm
517 1  @a创新与设计@Achuang xin yu she ji
606 0  @a建筑材料:涂料
606 0  @a建筑材料:装饰材料
690    @aTU@v5
690    @aTU56@v4
701  0 @a刘建兵@Aliu jian bing@4编
801  0 @aCN@bNISOFT@c20110402
905    @aBZT@dTU56@e10
    
    建筑材料:创新与设计/刘建兵编.-北京:中国电力出版社,2011.03
    238页;32cm
    
    
    ISBN 979-978-8485-98-7:CNY288.00
    
●
相关链接 在五车中查询图书 在当当中查询图书 在豆瓣中查询图书


正题名:建筑材料     索取号:TU56/10         预约/预借

序号 登录号 条形码 馆藏地/架位号 状态 备注
1 756311   2000756311   样本书库/样005架B面2层3列/ [索取号:TU56/10] 在馆    
2 756312   2000756312   中心书库中库/ 中库022架B面3列3层6/ [索取号:TU56/10] 在馆    
3 756313   2000756313   中心书库中库/ 中库022架B面3列3层7/ [索取号:TU56/10] 在馆    
4 756314   2000756314   中心书库中库/ 中库022架B面3列3层10/ [索取号:TU56/10] 在馆    
5 756315   2000756315   中心书库中库/ 中库022架B面3列3层9/ [索取号:TU56/10] 在馆    
6 756316   2000756316   中心书库中库/ 中库022架B面3列3层8/ [索取号:TU56/10] 在馆    
山东省滨州职业学院图书馆 欢迎您!
大连网信软件有限公司© 版权所有